Datum a čas kvízu

24.5 Celkem bodů Celkový počet nahraných bodů na tomto kvízu bez doplňovacích otázek.
8. Pořadí na kvízu Konečné umístění týmu na tomto kvízu.

Zaznamenané odpovědi

# Otázka Odpověď Body Výsledky
1. Minulý týden vyšla zpráva o to... hranolka / hranolek 1
2. Britská královská pošta předst... A) květiny 0
3. Jeden ze dvou původních aktivn... Brian May 1
4. Americký Národní úřad pro lete... nové skafandry 1
5. Které dva týmy se minulý týden... Manchester City, RB Lipsko 1
5. V následujícím tématu se budem... kilogram (kg) 0
7. V 19. a 20. století byl předev... svítiplyn 1
8. Mezi obnovitelné zdroje patří... v Ústí nad Labem 0
9. Součástí naprosté většiny elek... alternátor 1
10. Téma zakončíme otázkou na jade... 3 0